LIBRARY & INFORMATION CENTRE, KCAET, TAVANUR

ONLINE PUBLIC ACCESS CATALOGUE (OPAC)

British and American short stories (Record no. 3159)

MARC details
000 -LEADER
fixed length control field 00322cam a2200145ua 4500
041 ## - LANGUAGE CODE
Language code of text/sound track or separate title eng
082 ## - DEWEY DECIMAL CLASSIFICATION NUMBER
Classification number 823.301
Item number THO/BR
100 ## - MAIN ENTRY--AUTHOR NAME
Personal name Thornley, G.C.
245 ## - TITLE STATEMENT
Title British and American short stories
260 ## - PUBLICATION, DISTRIBUTION, ETC. (IMPRINT)
Place of publication London :
Name of publisher Longman ,
Year of publication 1963.
300 ## - PHYSICAL DESCRIPTION
Number of Pages 111 ; .
942 ## - ADDED ENTRY ELEMENTS (KOHA)
Koha item type Books
Holdings
Withdrawn status Lost status Damaged status Home library Current library Date acquired Full call number Accession Number Koha item type
Withdrawn     KAUAET Malayalam University 07/04/2012 823.301 THO/BR 10160 Books
free website counter